000
00197nam a22000977a 4500
999
_c
12399
_d
12399
082
_a
616.89
100
_a
Gerald Davison, John Neale
245
_a
Abnormal Psychology
250
_a
12th
942
_c
BK